| 000 | 00523nam a2200193Ia 4500 | ||
|---|---|---|---|
| 005 | 20240606005417.0 | ||
| 008 | 240331s9999 xx 000 0 und d | ||
| 020 | _a9551040244 | ||
| 082 |
_bUND _a362 |
||
| 100 | _aGunathilake,N | ||
| 245 | 0 |
_aUnderstading the impacts of development interventions on poverty : _bterventions on poverty |
|
| 260 |
_aColombo _bCEPA _c2005 |
||
| 300 | _a295 P., | ||
| 650 | _aPoverty | ||
| 650 | _aDevelopment Studies | ||
| 700 | _aGunathilake,N | ||
| 700 | _aGoonasekara,S | ||
| 942 | _cL | ||
| 999 |
_c4409 _d4409 |
||